[Event "POL-ch blind"]
[Site "Jastrzebia Gora"]
[Date "2010.06.13"]
[Round "6.1"]
[White "Kulpinski, Piotr"]
[Black "Gunajew, Rafal"]
[Result "0-1"]
[WhiteElo "2048"]
[BlackElo "2270"]
[PlyCount "64"]
[EventDate "2010.06.08"]
[EventType "tourn"]
[EventRounds "11"]
[EventCountry "POL"]
[SourceTitle "EXT 2023"]
[Source "ChessBase"]
[SourceDate "2022.10.05"]
[SourceVersion "1"]
[SourceVersionDate "2022.10.05"]
[SourceQuality "1"]

1. Nf3 c5 2. c4 Nf6 3. Nc3 g6 4. e4 d6 5. d4 cxd4 6. Nxd4 Bg7 7. Be2 0-0 8. 0-0 Nc6 9. Be3 Bd7 10. Nc2 a6 11. Qd2 Rc8 12. Rad1 Ne5 13. b3 b5 14. f4 Neg4 15. cxb5 Nxe3 16. Nxe3 axb5 17. e5 b4 18. exf6 bxc3 19. fxe7 Qxe7 20. Nd5 Qd8 21. Qc1 Re8 22. Bc4 Qa5 23. Rd3 Bf5 24. Rg3 c2 25. a4 Rxc4 26. bxc4 Qxa4 27. Kh1 Rb8 28. Qe3 Qxc4 29. Ne7+ Kf8 30. Re1 Be4 31. Qa7 Rb1 32. Rge3 Qf1+ 0-1